Formule 1 - Anagrammes de pilotes - Statistiques

Statistiques générales
  • Ce quiz a été pris 701 fois
  • Le résultat moyen est 19 sur 30
Statistiques - réponses
Lettres Pilote % Correct
ainsz Carlos Sainz
94%
aglsy Pierre Gasly
94%
eeprz Sergio (Checo) Pérez
89%
aeenpprstv Max Verstappen
87%
eelttv Sebastian Vettel
87%
ablno Alexander Albon
86%
ionrrs Lando Norris
85%
aegmnnssu Kevin Magnussen
83%
ahilmnot Lewis Hamilton
81%
aeikknnor Kimi Räikkönen
78%
ellrssu George Russell
77%
alnoos Fernando Alonso
76%
aamss Felipe Massa
75%
accehhmrsu Michael Schumacher
74%
aehikknn Mika Häkkinen
74%
bbeerw Mark Webber
71%
bnottu Jenson Button
70%
cceellr Charles Leclerc
61%
adnostu Yuki Tsunoda
61%
beeghklnru Nico Hülkenberg
60%
accdiiorr Daniel Ricciardo
54%
abciku Robert Kubica
52%
aiiprst Oscar Piastri
50%
begorrs Nico Rosberg
47%
illrtu Jarno Trulli
43%
abcehillorr Rubens Barrichello
35%
eiinrv Eddie Irvine
34%
eefnnrtz Heinz-Harald Frentzen
27%
acefhiills Giancarlo Fisichella
22%
acdhlortu David Coulthard
14%
Aucun quiz correspondant
Distribution des résultats
% des personnes avec chaque résultat
Percentile par nombre de réponses
Votre historique - résultats
Vous n’avez pas pris ce quiz